[Event "FICGS W-ch st1 g21 email"]
[Site "FICGS email"]
[Date "2012.01.01"]
[Round "1"]
[White "Gerfault, Pascal"]
[Black "Uzdin, Sergey"]
[Result "1/2-1/2"]
[WhiteElo "1614"]
[BlackElo "2064"]
[PlyCount "94"]
[EventDate "2012.??.??"]
[EventType "tourn (corr)"]
[EventRounds "8"]
[SourceTitle "Corr 2022"]
[Source "ChessBase"]
[SourceDate "2021.10.24"]
[SourceVersion "1"]
[SourceVersionDate "2021.10.24"]
[SourceQuality "1"]

1. c4 e6 2. Nf3 d5 3. d4 Nf6 4. Nc3 c6 5. e3 Nbd7 6. Bd3 dxc4 7. Bxc4 b5 8. Bd3 Bb7 9. 0-0 a6 10. e4 c5 11. d5 Qc7 12. dxe6 fxe6 13. Bc2 c4 14. Nd4 Nc5 15. Be3 e5 16. Nf3 Be7 17. Ng5 Rd8 18. Qf3 h6 19. Bxc5 hxg5 20. Bxe7 Qxe7 21. Rad1 0-0 22. Rxd8 Rxd8 23. Qe3 g4 24. a3 Rd4 25. Ne2 Bxe4 26. Nxd4 exd4 27. Qe1 d3 28. Bd1 Qb7 29. f3 gxf3 30. Bxf3 Qd5 31. Qe3 Bxf3 32. gxf3 Kh7 33. Qf4 Qe6 34. Kh1 Nd5 35. Qh4+ Kg8 36. Re1 Qf5 37. Qd8+ Kh7 38. Qh4+ Kg6 39. Qg3+ Kf6 40. Re8 Kf7 41. Re5 Qd7 42. Rg5 Kg8 43. Qb8+ Kh7 44. Qe5 Nf6 45. Rg1 Qd5 46. Qg3 Qf7 47. Qf4 Kh8 1/2-1/2

[Event "FICGS W-ch st2 g01 email"]
[Site "FICGS email"]
[Date "2010.07.06"]
[Round "1"]
[White "Kruse, Herbert"]
[Black "Uzdin, Sergey"]
[Result "1/2-1/2"]
[WhiteElo "2374"]
[BlackElo "2052"]
[PlyCount "47"]
[EventDate "2010.??.??"]
[EventType "tourn (corr)"]
[EventRounds "6"]
[SourceTitle "Corr 2013"]
[Source "ChessBase"]
[SourceDate "2012.11.12"]
[SourceVersion "1"]
[SourceVersionDate "2012.11.12"]
[SourceQuality "1"]

1. e4 c5 2. Nf3 d6 3. d4 cxd4 4. Nxd4 Nf6 5. Nc3 a6 6. h3 e6 7. g4 d5 8. exd5 Nxd5 9. Bd2 b5 10. Bg2 Bb7 11. Nxd5 Bxd5 12. Bxd5 Qxd5 13. Qf3 Qxf3 14. Nxf3 Nd7 15. 0-0-0 Nf6 16. Rhe1 Bc5 17. Be3 Bxe3+ 18. Rxe3 0-0 19. Ne5 Nd5 20. Re4 Rac8 21. Red4 a5 22. c3 Rc7 23. Nd3 g5 24. a4 1/2-1/2

[Event "FICGS W-ch st2 g01 email"]
[Site "FICGS email"]
[Date "2010.07.06"]
[Round "1"]
[White "Sharland, Michael"]
[Black "Uzdin, Sergey"]
[Result "1-0"]
[WhiteElo "2215"]
[BlackElo "2052"]
[PlyCount "75"]
[EventDate "2010.??.??"]
[EventType "tourn (corr)"]
[EventRounds "6"]
[SourceTitle "Corr 2013"]
[Source "ChessBase"]
[SourceDate "2012.11.12"]
[SourceVersion "1"]
[SourceVersionDate "2012.11.12"]
[SourceQuality "1"]

1. e4 c5 2. Nf3 d6 3. d4 cxd4 4. Nxd4 Nf6 5. Nc3 a6 6. Be3 e5 7. Nb3 Be6 8. f3 h5 9. Qd2 Nbd7 10. Nd5 Nxd5 11. exd5 Bf5 12. Be2 Be7 13. 0-0 h4 14. Na5 Qc7 15. c4 0-0 16. b4 Nf6 17. Rac1 Qd7 18. Rfd1 h3 19. c5 hxg2 20. Nc4 Rae8 21. Nb6 Qd8 22. Kxg2 Qb8 23. Kh1 e4 24. Rg1 Bd8 25. Bd4 e3 26. Qb2 Bg6 27. Rc4 dxc5 28. bxc5 Qf4 29. Bxf6 Qxf6 30. Qxf6 Bxf6 31. Nd7 Rd8 32. Nxf8 Kxf8 33. Rd1 Bf5 34. Kg2 Rc8 35. Bd3 Bd7 36. a4 Re8 37. Rb1 Bc8 38. Kf1 1-0

[Event "FICGS W-ch st2 g01 email"]
[Site "FICGS email"]
[Date "2010.07.06"]
[Round "1"]
[White "Uzdin, Sergey"]
[Black "Van der Kemp, Michel"]
[Result "1/2-1/2"]
[WhiteElo "2052"]
[BlackElo "2220"]
[PlyCount "65"]
[EventDate "2010.??.??"]
[EventType "tourn (corr)"]
[EventRounds "6"]
[SourceTitle "Corr 2013"]
[Source "ChessBase"]
[SourceDate "2012.11.12"]
[SourceVersion "1"]
[SourceVersionDate "2012.11.12"]
[SourceQuality "1"]

1. e4 c5 2. Nf3 d6 3. d4 cxd4 4. Nxd4 Nf6 5. Nc3 a6 6. Be3 e5 7. Nb3 Be6 8. f3 Be7 9. Qd2 0-0 10. 0-0-0 Nbd7 11. g4 b5 12. g5 b4 13. Ne2 Ne8 14. f4 a5 15. f5 a4 16. Nbd4 exd4 17. Nxd4 b3 18. Kb1 bxc2+ 19. Nxc2 Bb3 20. axb3 axb3 21. Na3 Ne5 22. Qg2 Qb8 23. Bf4 Ra4 24. f6 Bd8 25. Bxe5 dxe5 26. Bb5 Rxa3 27. bxa3 Nd6 28. Bc6 Nc4 29. Bd5 Nxa3+ 30. Kb2 Qa7 31. Bxb3 Bb6 32. Qh3 Bd4+ 33. Rxd4 1/2-1/2

[Event "FICGS W-ch st1 g20 email"]
[Site "FICGS email"]
[Date "2010.07.02"]
[Round "1"]
[White "Roncagliolo, Marco"]
[Black "Uzdin, Sergey"]
[Result "0-1"]
[WhiteElo "1596"]
[BlackElo "2052"]
[PlyCount "64"]
[EventDate "2010.??.??"]
[EventType "tourn (corr)"]
[EventRounds "4"]
[SourceTitle "Corr 2013"]
[Source "ChessBase"]
[SourceDate "2012.11.12"]
[SourceVersion "1"]
[SourceVersionDate "2012.11.12"]
[SourceQuality "1"]

1. e4 c5 2. Nf3 d6 3. Bb5+ Bd7 4. Bxd7+ Qxd7 5. c4 Nc6 6. Nc3 Nf6 7. 0-0 g6 8. d4 cxd4 9. Nxd4 Bg7 10. Nxc6 Qxc6 11. Qe2 Rc8 12. Be3 Qxc4 13. Qxc4 Rxc4 14. Bxa7 Nxe4 15. Nxe4 Rxe4 16. Be3 Kd7 17. Rab1 Ra4 18. a3 Rc8 19. h3 Rc2 20. Rfd1 Rxb2 21. Rxb2 Bxb2 22. Rb1 Bxa3 23. Rxb7+ Ke6 24. Bg5 d5 25. Rb6+ Bd6 26. g3 Kf5 27. Be3 d4 28. Bd2 Ra2 29. Bf4 Bxf4 30. gxf4 d3 31. Rb7 d2 32. Rb1 Rc2 0-1

[Event "FICGS W-ch st2 g05 email"]
[Site "FICGS email"]
[Date "2009.11.03"]
[Round "1"]
[White "Uzdin, Sergey"]
[Black "Gray, Garvin"]
[Result "1/2-1/2"]
[WhiteElo "2090"]
[BlackElo "2180"]
[PlyCount "74"]
[EventDate "2009.??.??"]
[EventType "tourn (corr)"]
[EventRounds "8"]
[SourceTitle "Corr 2022"]
[Source "ChessBase"]
[SourceDate "2021.10.24"]
[SourceVersion "1"]
[SourceVersionDate "2021.10.24"]
[SourceQuality "1"]

1. e4 e5 2. Nf3 Nc6 3. Bb5 a6 4. Ba4 Nf6 5. 0-0 Be7 6. Re1 b5 7. Bb3 0-0 8. c3 d5 9. exd5 Nxd5 10. Nxe5 Nxe5 11. Rxe5 c6 12. d4 Bd6 13. Re1 Qh4 14. g3 Qh3 15. Be3 Bg4 16. Qd3 Rae8 17. Nd2 Re6 18. a4 Qh5 19. axb5 axb5 20. Nf1 Bf5 21. Qd2 Rfe8 22. Ra6 Be4 23. Bc2 Bf3 24. Bd1 Bf8 25. Bxf3 Qxf3 26. Qd1 Qf5 27. Qb1 Qg4 28. Qd1 Qf5 29. Bd2 Rxe1 30. Bxe1 h6 31. Ra1 c5 32. Rc1 Qe4 33. Nd2 Qe6 34. Nb3 c4 35. Nd2 Qg6 36. Nf3 Nf4 37. Ne5 Rxe5 1/2-1/2

[Event "FICGS W-ch st1 g24 email"]
[Site "FICGS email"]
[Date "2009.11.02"]
[Round "1"]
[White "Uzdin, Sergey"]
[Black "Helmer, Janos"]
[Result "1/2-1/2"]
[WhiteElo "2090"]
[BlackElo "2088"]
[PlyCount "83"]
[EventDate "2009.??.??"]
[EventType "tourn (corr)"]
[EventRounds "8"]
[SourceTitle "Corr 2022"]
[Source "ChessBase"]
[SourceDate "2021.10.24"]
[SourceVersion "1"]
[SourceVersionDate "2021.10.24"]
[SourceQuality "1"]

1. e4 e6 2. d4 d5 3. Nc3 Nf6 4. Bg5 Be7 5. e5 Nfd7 6. h4 Bxg5 7. hxg5 Qxg5 8. Qd3 h6 9. Nb5 Qd8 10. 0-0-0 a6 11. Nc3 c5 12. Qg3 Kf8 13. f4 cxd4 14. Nce2 Nc6 15. Nxd4 Nxd4 16. Rxd4 Nc5 17. Kb1 Bd7 18. Qe3 Rc8 19. g4 Kg8 20. Ne2 Bb5 21. Bg2 Bxe2 22. Qxe2 b5 23. Rf1 Nd7 24. Rd3 Qe7 25. f5 Rc5 26. a3 Qg5 27. fxe6 fxe6 28. b4 Rc4 29. Rxd5 exd5 30. Bxd5+ Kh7 31. Qd3+ Qg6 32. Bxc4 Nxe5 33. Qxg6+ Kxg6 34. Be2 Re8 35. Rf5 Re6 36. Kb2 Nxg4 37. Bd3 Ne3 38. Rxb5+ Kf7 39. Rb7+ Kf6 40. Ra7 g5 41. Bxa6 g4 42. Rh7 1/2-1/2

[Event "FICGS rapid A 000059 email"]
[Site "FICGS email"]
[Date "2009.01.24"]
[Round "1"]
[White "Riha, Josef"]
[Black "Uzdin, Sergey"]
[Result "0-1"]
[WhiteElo "1948"]
[BlackElo "2066"]
[PlyCount "86"]
[EventDate "2009.??.??"]
[EventType "tourn (rapid)"]
[EventRounds "6"]
[SourceTitle "Corr 2022"]
[Source "ChessBase"]
[SourceDate "2021.10.24"]
[SourceVersion "1"]
[SourceVersionDate "2021.10.24"]
[SourceQuality "1"]

1. e4 c5 2. Nf3 d6 3. d4 cxd4 4. Nxd4 Nf6 5. Nc3 a6 6. Be2 e6 7. 0-0 Be7 8. f4 0-0 9. a4 Qc7 10. Kh1 Nc6 11. Be3 Re8 12. Bf3 Bd7 13. Nb3 b6 14. g4 Bc8 15. g5 Nd7 16. Bg2 Bb7 17. Qh5 Nb4 18. Rac1 g6 19. Qh4 f5 20. Kg1 Nc5 21. a5 bxa5 22. Nxc5 dxc5 23. Qf2 Rad8 24. h4 Rf8 25. h5 gxh5 26. Bh3 Nc6 27. Bxc5 Nd4 28. Bxe7 Qxe7 29. Rce1 e5 30. exf5 Nf3+ 31. Qxf3 Bxf3 32. Rxf3 Qb7 33. Ree3 exf4 34. Rxf4 Qxb2 35. f6 a4 36. Rf1 Qxc2 37. Bf5 Qd2 38. Ref3 Qxg5+ 39. Kh1 Rd4 40. Bh3 Kh8 41. f7 a3 42. Re1 Qh4 43. Ree3 Rf4 0-1

[Event "FICGS rapid A 000059 email"]
[Site "FICGS email"]
[Date "2009.01.24"]
[Round "1"]
[White "Uzdin, Sergey"]
[Black "Chapaev, Dmitry"]
[Result "1/2-1/2"]
[WhiteElo "2066"]
[BlackElo "1947"]
[PlyCount "127"]
[EventDate "2009.??.??"]
[EventType "tourn (rapid)"]
[EventRounds "6"]
[SourceTitle "Corr 2022"]
[Source "ChessBase"]
[SourceDate "2021.10.24"]
[SourceVersion "1"]
[SourceVersionDate "2021.10.24"]
[SourceQuality "1"]

1. e4 c5 2. Nf3 Nc6 3. d4 cxd4 4. Nxd4 Nf6 5. Nc3 e5 6. Ndb5 d6 7. Bg5 a6 8. Na3 b5 9. Nd5 Be7 10. Bxf6 Bxf6 11. c3 0-0 12. Nc2 Bg5 13. a4 bxa4 14. Rxa4 a5 15. Bc4 Rb8 16. b3 Kh8 17. Nce3 Bxe3 18. Nxe3 Ne7 19. 0-0 f5 20. exf5 Bxf5 21. Ra2 Be4 22. Rd2 Rb6 23. Re1 Qb8 24. Qa1 Qc7 25. Qa3 Rd8 26. Red1 h6 27. h4 Rc6 28. Be6 Rxc3 29. Rxd6 Rxd6 30. Qxd6 Qxd6 31. Rxd6 Rc6 32. Rd8+ Kh7 33. Bc4 Rc8 34. Rd7 Nf5 35. Ng4 Bc6 36. Ra7 Nxh4 37. f3 e4 38. Nf6+ Kh8 39. Nxe4 Bxe4 40. fxe4 Rc5 41. Kf2 h5 42. g3 Ng6 43. Be6 Ne5 44. Ke3 Kh7 45. Bd5 Rb5 46. Kd4 Nf3+ 47. Kc4 Rb4+ 48. Kc5 Nd2 49. Rxa5 Rxb3 50. e5 Re3 51. e6 Nf3 52. Bxf3 Rxe6 53. Kd4 g6 54. Bd5 Rf6 55. Be4 Kh6 56. Ke3 Rb6 57. Rc5 Rd6 58. Re5 Rf6 59. Bd3 Rb6 60. Kf3 Rf6+ 61. Ke4 Rd6 62. Rb5 Rf6 63. Rd5 Rb6 64. Re5 1/2-1/2

[Event "FICGS class C 000060 email"]
[Site "FICGS email"]
[Date "2008.10.27"]
[Round "1"]
[White "Uzdin, Sergey"]
[Black "Riha, Josef"]
[Result "1-0"]
[WhiteElo "1938"]
[BlackElo "1953"]
[PlyCount "95"]
[EventDate "2008.??.??"]
[EventType "tourn (corr)"]
[EventRounds "1"]
[SourceTitle "Corr 2022"]
[Source "ChessBase"]
[SourceDate "2021.10.24"]
[SourceVersion "1"]
[SourceVersionDate "2021.10.24"]
[SourceQuality "1"]

1. e4 e6 2. d4 d5 3. Nc3 Bb4 4. e5 c5 5. a3 Bxc3+ 6. bxc3 Ne7 7. Qg4 0-0 8. Bd3 Nbc6 9. Qh5 Ng6 10. Nf3 Qc7 11. Be3 c4 12. Bxg6 fxg6 13. Qg4 Qf7 14. Ng5 Qe8 15. h4 Bd7 16. Nh3 Ne7 17. Nf4 Nf5 18. h5 Nh6 19. Qe2 g5 20. Nh3 g4 21. Ng1 Kh8 22. Bxh6 gxh6 23. Qxg4 Ba4 24. Qe2 Rf5 25. Nh3 Qb5 26. 0-0-0 Raf8 27. f4 Qa5 28. Kd2 Rg8 29. g4 Rxh5 30. Qf3 Rh4 31. Nf2 Qd8 32. Rxh4 Qxh4 33. Rh1 Qe7 34. Rxh6 Be8 35. Rf6 a5 36. f5 exf5 37. gxf5 Qxa3 38. Rd6 b5 39. f6 b4 40. Rd8 Qxc3+ 41. Qxc3 bxc3+ 42. Kxc3 Bf7 43. Rd7 Rf8 44. Re7 a4 45. Nh3 Kg8 46. Ra7 h5 47. Ng5 h4 48. Kb4 1-0

[Event "FICGS class C 000055 email"]
[Site "FICGS email"]
[Date "2008.09.02"]
[Round "1"]
[White "Bromo, Alexis"]
[Black "Uzdin, Sergey"]
[Result "0-1"]
[WhiteElo "1800"]
[BlackElo "1938"]
[PlyCount "44"]
[EventDate "2008.??.??"]
[EventType "tourn (corr)"]
[EventRounds "1"]
[SourceTitle "Corr 2022"]
[Source "ChessBase"]
[SourceDate "2021.10.24"]
[SourceVersion "1"]
[SourceVersionDate "2021.10.24"]
[SourceQuality "1"]

1. d4 d5 2. c4 e6 3. cxd5 exd5 4. Nf3 Nf6 5. Bg5 c6 6. e3 Be7 7. Nbd2 0-0 8. Bd3 h6 9. Bxf6 Bxf6 10. Qc2 Re8 11. e4 dxe4 12. Nxe4 Bg4 13. Be2 Qa5+ 14. Qd2 Qxd2+ 15. Nfxd2 Bxe2 16. Kxe2 Bxd4 17. Rhd1 f5 18. Kd3 Bxb2 19. Rab1 fxe4+ 20. Nxe4 Ba3 21. Rxb7 Na6 22. Nc3 Nc5+ 0-1

[Event "FICGS rapid A 000049 email"]
[Site "FICGS email"]
[Date "2008.08.08"]
[Round "1"]
[White "Perevozchikov, Vjacheslav"]
[Black "Uzdin, Sergey"]
[Result "1/2-1/2"]
[WhiteElo "1932"]
[BlackElo "1938"]
[PlyCount "80"]
[EventDate "2008.??.??"]
[EventType "tourn (rapid)"]
[EventRounds "6"]
[SourceTitle "Corr 2022"]
[Source "ChessBase"]
[SourceDate "2021.10.24"]
[SourceVersion "1"]
[SourceVersionDate "2021.10.24"]
[SourceQuality "1"]

1. Nf3 d5 2. c4 e6 3. d4 Nf6 4. g3 dxc4 5. Bg2 a6 6. 0-0 Nc6 7. e3 Bd7 8. Qe2 b5 9. Rd1 Be7 10. b3 cxb3 11. axb3 0-0 12. Nc3 Bd6 13. Bb2 Qe7 14. Rdc1 Nd5 15. Ne4 f5 16. Nc5 Ncb4 17. Ne5 Be8 18. Ba3 c6 19. e4 fxe4 20. Nxe4 Bxe5 21. dxe5 a5 22. Nd6 Qa7 23. Bxd5 Nxd5 24. Bc5 Qd7 25. Qe1 b4 26. Nc4 Rf3 27. Nxa5 Qf7 28. Rc4 Rd3 29. Bxb4 Qf3 30. Qe4 Rd1+ 31. Rxd1 Qxd1+ 32. Qe1 Qf3 33. Bc5 h6 34. h3 Bg6 35. Nxc6 Qxb3 36. Rc1 Qb2 37. Bd4 Qb5 38. Be3 Qb2 39. Qd2 Qxd2 40. Bxd2 Ra2 1/2-1/2

[Event "FICGS class C 000016 email"]
[Site "FICGS email"]
[Date "2006.10.30"]
[Round "1"]
[White "Colter, Nigel"]
[Black "Uzdin, Sergey"]
[Result "0-1"]
[WhiteElo "1745"]
[BlackElo "1700"]
[PlyCount "82"]
[EventDate "2006.??.??"]
[EventType "tourn (corr)"]
[EventRounds "4"]
[SourceTitle "Corr 2022"]
[Source "ChessBase"]
[SourceDate "2021.10.24"]
[SourceVersion "1"]
[SourceVersionDate "2021.10.24"]
[SourceQuality "1"]

1. e4 c5 2. Nf3 d6 3. Bc4 a6 4. Bb3 Nf6 5. d3 e6 6. 0-0 Be7 7. Re1 0-0 8. c3 b5 9. Nbd2 Bb7 10. d4 Nbd7 11. e5 dxe5 12. dxe5 Nd5 13. Bc2 Qc7 14. Ne4 Rfd8 15. Bg5 Bxg5 16. Nfxg5 h6 17. Nf3 Nf4 18. Qd2 Ng6 19. Qe3 Ngxe5 20. b3 Nxf3+ 21. Qxf3 f5 22. Qg3 Qxg3 23. Nxg3 Kf7 24. a4 Nb6 25. axb5 axb5 26. Rxa8 Rxa8 27. h3 Nd5 28. Ne2 Ra3 29. Rc1 g5 30. c4 bxc4 31. bxc4 Nb4 32. Bb1 Ba6 33. g4 Rxh3 34. gxf5 Rh4 35. fxe6+ Kxe6 36. Ng3 Bxc4 37. Ne4 Bd5 38. Nxc5+ Kd6 39. f3 Bxf3 40. Kf2 Rf4 41. Kg3 h5 0-1

[Event "FICGS class C 000016 email"]
[Site "FICGS email"]
[Date "2006.10.30"]
[Round "1"]
[White "Uzdin, Sergey"]
[Black "Hauschild, Achim"]
[Result "1-0"]
[WhiteElo "1700"]
[BlackElo "1735"]
[PlyCount "35"]
[EventDate "2006.??.??"]
[EventType "tourn (corr)"]
[EventRounds "4"]
[SourceTitle "Corr 2022"]
[Source "ChessBase"]
[SourceDate "2021.10.24"]
[SourceVersion "1"]
[SourceVersionDate "2021.10.24"]
[SourceQuality "1"]

1. e4 e5 2. Nf3 Nf6 3. Nxe5 d6 4. Nf3 Nxe4 5. Nc3 Nxc3 6. dxc3 Be7 7. Be3 0-0 8. Qd2 Na6 9. 0-0-0 c6 10. Kb1 Nc5 11. h4 Ne4 12. Qe1 Re8 13. Bd3 Bf8 14. Qg1 Nf6 15. c4 Qa5 16. Bd4 Ng4 17. Ng5 h6 18. c5 1-0